<?xml version="1.0" encoding="UTF-8"?><?xml-stylesheet type="text/xsl" href="static/style.xsl"?><OAI-PMH xmlns="http://www.openarchives.org/OAI/2.0/" xmlns:xsi="http://www.w3.org/2001/XMLSchema-instance" xsi:schemaLocation="http://www.openarchives.org/OAI/2.0/ http://www.openarchives.org/OAI/2.0/OAI-PMH.xsd"><responseDate>2026-06-29T03:08:24Z</responseDate><request verb="GetRecord" identifier="oai:docta.ucm.es:20.500.14352/62338" metadataPrefix="marc">https://docta.ucm.es/rest/oai/request</request><GetRecord><record><header><identifier>oai:docta.ucm.es:20.500.14352/62338</identifier><datestamp>2023-07-13T06:25:32Z</datestamp><setSpec>com_20.500.14352_14</setSpec><setSpec>col_20.500.14352_22</setSpec></header><metadata><record xmlns="http://www.loc.gov/MARC21/slim" xmlns:dcterms="http://purl.org/dc/terms/" xmlns:xsi="http://www.w3.org/2001/XMLSchema-instance" xmlns:doc="http://www.lyncode.com/xoai" xsi:schemaLocation="http://www.loc.gov/MARC21/slim http://www.loc.gov/standards/marcxml/schema/MARC21slim.xsd">
   <leader>00925njm 22002777a 4500</leader>
   <datafield ind2=" " ind1=" " tag="042">
      <subfield code="a">dc</subfield>
   </datafield>
   <datafield ind2=" " ind1=" " tag="720">
      <subfield code="a">Canto Ceballos, Tomás Raimundo</subfield>
      <subfield code="e">author</subfield>
   </datafield>
   <datafield ind2=" " ind1=" " tag="260">
      <subfield code="c">2002</subfield>
   </datafield>
   <datafield ind2=" " ind1=" " tag="520">
      <subfield code="a">se ha estudiado la transmisibilidad por afidos de cuatro aislados del virus y de la patata (pvy). Dos aislados han sido caracterizados como no transmisibles debido a defectos de distinto tipo en una proteína vira no estructural esencial en el proceso de transmisión; el componente "helper" (hc-pro). La determinación de las secuencias nucleotidicas de los genes virales que codifican estos componentes "helper" defectuosos muestra la presencia de mutaciones diferentes. Sin embargo, en ambos casos esta afectada una region rica en cisteinas del extremo amino de la proteína, lo que junto a la información publicada apoya la sugerencia de que esta región esta directamente implicada en la funcionalidad del hc-pro en el proceso de transmisión. Estudios electroforeticos y cromatograficos han permitido detectar dos tipos de interacciones en las que el hc-pro interviene. Para la realización de estos estudios se han elaborado anticuerpos monoclonales y pliclonales contra el hc-pro, que han podido ser utilizados en detección y diferenciación de virus</subfield>
   </datafield>
   <datafield ind1="8" ind2=" " tag="024">
      <subfield code="a">978-84-669-0537-4</subfield>
   </datafield>
   <datafield ind1="8" ind2=" " tag="024">
      <subfield code="a">b21747040</subfield>
   </datafield>
   <datafield ind1="8" ind2=" " tag="024">
      <subfield code="a">https://hdl.handle.net/20.500.14352/62338</subfield>
   </datafield>
   <datafield ind2="0" ind1="0" tag="245">
      <subfield code="a">Mecanismos de transmisión de virus del grupo Potyvirus por áfidos : estudio del factor de adquisición Helper</subfield>
   </datafield>
</record></metadata></record></GetRecord></OAI-PMH>